书目信息 |
| 题名: |
中国古籍印刷史
|
|
| 作者: | 魏隐儒 编著 | |
| 分册: | ||
| 出版信息: | 北京 印刷工业出版社 1984 |
|
| 页数: | 245页 | |
| 开本: | 21cm | |
| 丛书名: | ||
| 单 册: | ||
| 中图分类: | G256.1 | |
| 科图分类: | ||
| 主题词: | 古籍-印刷史--中国 , 印刷史-古籍--中国 , 图书馆学 , 图书馆事业 | |
| 电子资源: | ||
| ISBN: | ||
| 000 | 00723nam0 2200277 45 | |
| 001 | 0184010934 | |
| 005 | 20040424130616.5 | |
| 010 | @dCNY1.20 | |
| 091 | @a7266.01 | |
| 100 | @a19950613d1984 em y0chiy0121 ea | |
| 101 | 0 | @achi |
| 102 | @aCN@b110000 | |
| 105 | @af z 000yy | |
| 106 | @ar | |
| 200 | 10 | @a中国古籍印刷史@Azhong guo gu ji yin shua shi@f魏隐儒编著 |
| 210 | @a北京@c印刷工业出版社@d1984 | |
| 215 | @a245页@c图@d21cm | |
| 606 | @a古籍-印刷史@y中国 | |
| 606 | @a印刷史-古籍@y中国 | |
| 606 | 0 | @a图书馆学 |
| 606 | 0 | @a图书馆事业 |
| 690 | @aG256.1 | |
| 701 | 0 | @a魏隐儒@Awei yin ru@4编著 |
| 801 | 0 | @aCN@b上海图书馆@c20040424 |
| 801 | 2 | @aCN@bNLC@c20040424 |
| 905 | @f2@b121600-601@dG256.1@e11 | |
| 中国古籍印刷史/魏隐儒编著.-北京:印刷工业出版社,1984 |
| 245页:图;21cm |
| ISBN :CNY1.20 |
| ● |
| 相关链接 |
|
|
|
|
正题名:中国古籍印刷史
索取号:G256.1/11
 
预约/预借
| 序号 | 登录号 | 条形码 | 馆藏地/架位号 | 状态 | 备注 |
| 1 | 0121600 | 000212781 | 密集书库/ [索取号:G256.1/11] | 在馆 | |
| 2 | 0121601 | 000212709 | 密集书库/ [索取号:G256.1/11] | 在馆 | |
| 3 | 0121602 | 000212745 | 第一样本阅览室/ [索取号:G256.1/11] | 在馆 |